Lejos alcanzado aquí / (Registro nro. 14788)

Detalles MARC
000 -LEADER
fixed length control field 00827nam a2200277 a 4500
001 - CONTROL NUMBER
control field
003 - CONTROL NUMBER IDENTIFIER
control field DO-SdBNP
005 - DATE AND TIME OF LATEST TRANSACTION
control field 20240829091039.0
008 - FIXED-LENGTH DATA ELEMENTS--GENERAL INFORMATION
fixed length control field 091001s2012 mx a r 000 0 spa d
020 ## - INTERNATIONAL STANDARD BOOK NUMBER
International Standard Book Number 9786071609540
040 ## - CATALOGING SOURCE
Original cataloging agency DO-SdBNP
Language of cataloging spa
Transcribing agency BPMSU
082 #4 - DEWEY DECIMAL CLASSIFICATION NUMBER
Classification number M861.6
Item number M188L 2012
Edition number 22
100 1# - MAIN ENTRY--PERSONAL NAME
Personal name Magaña Merlo, Gabriel,
Dates associated with a name 1944-
245 10 - TITLE STATEMENT
Title Lejos alcanzado aquí /
Statement of responsibility, etc. Gabriel Magaña.
260 ## - PUBLICATION, DISTRIBUTION, ETC. (IMPRINT)
Place of publication, distribution, etc. México:
Name of publisher, distributor, etc. Fondo de Cultura Económica,
Date of publication, distribution, etc. 2012
300 ## - PHYSICAL DESCRIPTION
Extent 199 p. ;
Dimensions 24 cm.
Other physical details
490 0# - SERIES STATEMENT
Series statement Poesía
504 ## - BIBLIOGRAPHY, ETC. NOTE
Bibliography, etc
590 ## - LOCAL NOTE (RLIN)
Local note Inventariado, 2024/VM
650 #4 - SUBJECT ADDED ENTRY--TOPICAL TERM
Topical term or geographic name as entry element Poesía mexicana
650 #4 - SUBJECT ADDED ENTRY--TOPICAL TERM
Topical term or geographic name as entry element Futurismo (Movimiento literario)
Form subdivision Poesías.
650 #4 - SUBJECT ADDED ENTRY--TOPICAL TERM
Topical term or geographic name as entry element Montaña
Form subdivision Poesías
Chronological subdivision
710 2# - ADDED ENTRY--CORPORATE NAME
Corporate name or jurisdiction name as entry element Fondo de Cultura Económica (México)
910 ## - USER-OPTION DATA (OCLC)
User-option data VMateo V. Cotrol de calidad. BPMSU
942 ## - ADDED ENTRY ELEMENTS (KOHA)
Source of classification or shelving scheme Dewey Decimal Classification
Koha item type Libros
Existencias
Withdrawn status Lost status Source of classification or shelving scheme Damaged status Not for loan Collection code Home library Current library Date acquired Source of acquisition Total Checkouts Full call number Barcode Date last seen Price effective from Koha item type
    Dewey Decimal Classification     Colección General Biblioteca Pública Metropolitana Salomé Ureña Biblioteca Pública Metropolitana Salomé Ureña 08/29/2024 Fondo de Cultura Económica   BPMSU CG M861.6 M188L 2012 BPMSU24080049 08/29/2024 08/29/2024 Libros